| 000 | 01063cam a2200289 a 4500 | ||
|---|---|---|---|
| 999 |
_c17677 _d17677 |
||
| 008 | 921224s1990 caua 000 0beng d | ||
| 020 | _a0876545762 (pbk.) | ||
| 050 | 0 | 4 |
_aND237.P25213 _bG55 1990 |
| 100 | 1 | _aGilbert-Smith, Alma. | |
| 245 | 1 | 4 |
_aThe make believe world of Maxfield Parrish and Sue Lewin / _cAlma Gilbert. |
| 260 |
_aSan Francisco : _bPomegranate Artbooks, _cc1990. |
||
| 300 |
_avii, 85 p. : _bill. (some col.) ; _c28 cm. |
||
| 650 | 0 |
_aArtists' models _zUnited States _xBiography. |
|
| 942 |
_2lcc _cBOOKS _hND237.P25213 G55 1990 |
||